The Price Is Right Pricing Games - Statistics

General Stats
  • This quiz has been taken 47 times
    38 since last reset
  • The average score is 51 of 113
Answer Stats
Hint Answer % Correct
Plinko
84%
Any Number
74%
Cliff Hangers
74%
Grand Game
74%
1/2 Off
68%
Clock Game
68%
Lucky Seven
68%
R Pay The Rent
68%
R Professor Price
68%
Rat Race
68%
Bonus Game
63%
R Bump
63%
Check Game
63%
Check-Out
63%
Double Prices
63%
Grocery Game
63%
3 Strikes
58%
Bonkers
58%
Card Game
58%
Dice Game
58%
Freeze Frame
58%
Gas Money
58%
Golden Road
58%
Let Em Roll
58%
One Right Price
58%
Race Game
58%
2 For The Price Of 1
53%
Back to 76
53%
Bargain Game
53%
Coming Or Going
53%
Danger Price
53%
R Hurdles
53%
Make Your Move
53%
Master Key
53%
One Wrong Price
53%
Pick-A-Pair
53%
R Shower Game
53%
That's Too Much
53%
The Lion's Share
53%
Time Is Money
53%
R Add Em Up
47%
Gridlock!
47%
Hole In One(Or Two)
47%
It's In The Bag
47%
R Joker
47%
Money Game
47%
Pocket Change
47%
Punch-A-Bunch
47%
Switch?
47%
Switcheroo
47%
Temptation
47%
R Bullseye I
42%
Bullseye II
42%
Cover Up
42%
Do The Math
42%
Five Price Tags
42%
R Give Or Keep
42%
Most Expensive
42%
One Away
42%
R On The Nose
42%
R Penny Ante
42%
Range Game
42%
Shell Game
42%
Spelling Bee
42%
R Super Ball!!
42%
Swap Meet
42%
Take Two
42%
Vend-O-Price
42%
R Walk Of Fame
42%
R Credit Card
37%
R Double Bullseye
37%
R Double Digits
37%
Easy As 123
37%
Flip Flop
37%
R It's Optional
37%
Line Em Up
37%
R Magic #
37%
Now Or Then
37%
Pathfinder
37%
R Poker Game
37%
Push Over
37%
R Safe Crackers
37%
Secret X
37%
R Shopping Spree
37%
Squeeze Play
37%
R Step Up
37%
To The Penny
37%
R Trader Bob
37%
Triple Play
37%
R Hit Me
32%
Hot Seat
32%
R Make Your Mark
32%
More Or Less
32%
R Mystery Price
32%
Pass The Buck
32%
Stack The Deck
32%
Ten Chances
32%
R Balance Game I
26%
Balance Game II
26%
Double Cross
26%
R Fortune Hunter
26%
R Gallery Game
26%
Hi Lo
26%
R On The Spot
26%
Pick-A-Number
26%
Side By Side
26%
R Split Decision
26%
R Super Saver
26%
R Telephone Game
26%
R Buy Or Sell
21%
R Clearance Sale
21%
R Finish Line
21%
R The Phone Home Game
21%
No matching quizzes found
Score Distribution
Percent of People with Each Score
Percentile by Number Answered
Your Score History
You have not taken this quiz since the last reset